Keynes and post-keynesian economics (Record no. 9541)

000 -LEADER
fixed length control field 00551nam a22001937a 4500
008 - FIXED-LENGTH DATA ELEMENTS--GENERAL INFORMATION
fixed length control field 170712b xxu||||| |||| 00| 0 eng d
020 ## - INTERNATIONAL STANDARD BOOK NUMBER
International Standard Book Number 9788127246600 (pbk.)
020 ## - INTERNATIONAL STANDARD BOOK NUMBER
International Standard Book Number 9789327234855
082 ## - DEWEY DECIMAL CLASSIFICATION NUMBER
Edition number 23
Classification number 330.156
Item number GUP
100 ## - MAIN ENTRY--PERSONAL NAME
Personal name Gupta, R. D.
245 ## - TITLE STATEMENT
Title Keynes and post-keynesian economics
250 ## - EDITION STATEMENT
Edition statement 1st rev. ed
260 ## - PUBLICATION, DISTRIBUTION, ETC. (IMPRINT)
Place of publication, distribution, etc. Ludhiana
Name of publisher, distributor, etc. Kalyani Publishers
Date of publication, distribution, etc. 1997
300 ## - PHYSICAL DESCRIPTION
Extent xvi,786p.;
Dimensions 24 cm
500 ## - GENERAL NOTE
General note it includes index, glossary and bibliography.
650 ## - SUBJECT ADDED ENTRY--TOPICAL TERM
Source of heading or term Economics
Topical term or geographic name as entry element Economics
700 ## - ADDED ENTRY--PERSONAL NAME
Personal name Rana, A. S.
942 ## - ADDED ENTRY ELEMENTS (KOHA)
Source of classification or shelving scheme
Koha item type Books
Holdings
Withdrawn status Lost status Source of classification or shelving scheme Materials specified (bound volume or other part) Damaged status Not for loan Collection code Permanent location Current location Shelving location Date acquired Coded location qualifier Cost, normal purchase price Full call number Barcode Date last seen Price effective from Koha item type
      PB     Economics Section Maulana Azad Central Library Maulana Azad Central Library General Stacks 2017-07-12 ECO 275.00 330.156 GUP 1821 2017-07-12 2017-07-12 Books
      PB     Economics Section Maulana Azad Central Library Maulana Azad Central Library General Stacks 2017-07-19 ECO 275.00 330.156 GUP 17474 2017-07-19 2017-07-19 Books
      PB     Economics Section Maulana Azad Central Library Maulana Azad Central Library   2018-04-21 ECO 450.00 330.156 GUP 17473 2018-04-21 2018-04-21 Books
      PB     Economics Section Maulana Azad Central Library Maulana Azad Central Library General Stacks 2018-11-01 ECO 450.00 330.156 GUP 9106 2018-11-01 2018-11-01 Books

Copyright @ USTM
Techno City, Kiling Road, Baridua, 9th Mile,
Ri-Bhoi, Meghalaya-793101

Powered by Koha